| 000 | 00723nam a2200193Ii 4500 | ||
|---|---|---|---|
| 003 | JO-AjNU | ||
| 008 | 230605s9999||||xx |||||||||||||| ||und|| | ||
| 040 |
_aJO-AjNU _bara _erda _cJO-AjNU |
||
| 041 | _aara | ||
| 050 | 1 | 4 | _aPJ6065.M8322 1996 |
| 100 | 3 |
_aتاليف ربيع،محمد؛م.مشارك حسن الربابعة؛م.مشارك محمود مهيدات, _eauthor _914460 |
|
| 245 | 0 | 0 | _aاساسيات اللغة العربية |
| 264 | 3 | 1 | _aد.م: المركز القومي للنشر، 1996 |
| 300 | _a187ص | ||
| 336 |
_atext _btxt _2rdacontent |
||
| 337 |
_aunmediated _bn _2rdamedia |
||
| 338 |
_avolume _bnc _2rdacarrier |
||
| 650 | 4 |
_aاللغة العربية-أساسيات اللغة العربية _914461 |
|
| 999 |
_aA3861 _c7429 _d7429 |
||